Statistics for Defunct Department Stores of Australia

Click here to take the quiz!

General Stats

  • This quiz has been taken 38 times
    (2 since last reset)
  • The average score is 3 of 36

Answer Stats

LocationCeased OperationsAnswer% Correct
WA1986Boans
100%
National1996Fossey's
100%
National1987Waltons
50%
Sydney, NSW1973Anthony Hordern & Sons
0%
NSW and VIC1976Ball & Welch
0%
Cairns, QLD1963Boland's
0%
Geelong, VIC1979Bright and Hitchcocks
0%
Sydney, NSW1968Buckingham's
0%
Melbourne, VIC1982Buckley & Nunn
0%
Hobart, TAS1995Charles Davis Limited
0%
SA, VIC and WA1980sCharles Moore and Co.
0%
Ipswich, QLD1985Cribb & Foote
0%
Melbourne, VIC2020Debenhams
0%
Sydney, NSW1974Farmers
0%
TAS and VIC1995FitzGerald's
0%
SA, VIC and WA1960sFoy & Gibson
0%
Melbourne, VIC1995Georges
0%
Sydney, NSW2005Gowings
0%
National2004Grace Bros.
0%
ACT and NSW1980sJ. B. Young
0%
Adelaide, SA1998John Martin's
0%
Melbourne, VIC1955Manton's
0%
ACT and NSW1960sMarcus Clark & Co.
0%
Sydney, NSW1980Mark Foy's
0%
Brisbane, QLD1990sMcDonnell & East
0%
Brisbane, QLD1955McWhirters
0%
Sydney, NSW1983Nock & Kirby
0%
Brisbane, QLD1957Overalls
0%
Armidale, NSW1992Richardson's
0%
Sydney, NSW1960sSnow's
0%
Charters Towers, QLD1993Stan Pollard & Co.
0%
National2021Target Country
0%
Brisbane, QLD1970T.C. Beirne
0%
National2017Trade Secret
0%
National1994Venture
0%
NSW1960sWestern Stores
0%

Score Distribution

Percentile by Number Answered

Percent of People with Each Score

Your Score History

You have not taken this quiz since the last reset